| 000 | 00663nam a22002057a 4500 | ||
|---|---|---|---|
| 999 |
_c16493 _d16493 |
||
| 003 | AR-CdUCM | ||
| 008 | 190225b ||||| |||| 00| 0 spa d | ||
| 040 |
_aMUNICIPALIDAD PROVINCIAL DEL CUSCO _cBIBLIOTECA MUNICIPAL DEL CUSCO |
||
| 082 |
_a616.8 / _bSC29 |
||
| 100 |
_aScheid, Werner : _935965 |
||
| 245 | _aTratado de neurología / | ||
| 260 |
_bAlhambra, S.A., _c1968. _aEspaña : |
||
| 300 |
_a910 paginas ; _c24 cm. |
||
| 505 | _aContenido :Tratado de la neurología ... | ||
| 650 |
_aMedicina general. _921670 |
||
| 650 |
_aNeurología. _935966 |
||
| 700 |
_aWieck, H. H., Stammler, A. y otros _935967 |
||
| 942 |
_2ddc _cLIBROS |
||
| 945 |
_arum _d2019-05-03 |
||